1787 1196 1375 1890 1945 1085 1115 1119 1585 1678 1888 1736 1613 1129 1099 1330 1365 1266 1432 1699 1610 1567 1374 1593 1123 1088 1461 1162 1343 1155 1002 1328 1011 1106 1752 1821 1590 1085 1072 1923 1950 1207 1836 1484 1662 1622 1124 1031 1545 1581 1944 1658 1788 1498 1422 1056 1431 1782 1633 1445 1906 1960 1016 1166 1129 1859 1148 1608 1261 1797 1525 1055 1116 1223 1103 1043 1735 1039 1994 1312 1954 1196 1688 1037 1909 1633 1687 1391 1525 1552 1281 1638 1598 1767 1884 1715 1250 1939 1715 BCNSPRNW ULIB Ver.6.0+V

เปลี่ยนเป็นภาษาไทย

Change to English
 แสดงรายละเอียดบรรณานุกรม
  กลับหน้าหลัก

Brief Record : Get Marc (ISO 2709) : E-mail record : QR code < ปิดหน้าต่าง
LEADER : 00000nam 2200000uu 4500
001    13399125658
003     ULIB
008    170713s2559||||th 000 0 tha d
020    ^a9786161810603
040    ^absi
060 04 ^aQV766^bผ331
100 0  ^aผาณิต บุญมาก
245 10 ^aประโยชน์มหัศจรรย์ :^bพริกไทย /^cผาณิต บุญมาก, เรียบเรียง ;จักรพงษ์ นุตาลัย, ถ่ายภาพ
250    ^aพิมพ์ครั้งที่ 1
260    ^aกรุงเทพฯ :^bอมรินทร์สุขภาพ,^c2559
300    ^a78 หน้า :^bภาพประกอบ ;^c21 ซม.
490 1  ^aชุดชีวิตและสุขภาพ ;^vลำดับที่ 199
650  4 ^aพริกไทย
650  4 ^aสมุนไพร
830  0 ^aการดูแลสุขภาพด้วยพริกไทย ;^vลำดับที่ 199.
945    ^p89^l0^i002647
945    ^p0^l0^i002665
999    ^aประนอม เกษจรัล
รายการนี้ยังไม่มีแท็ก
คุณยังไม่ได้ล็อกอิน คุณสามารถมีกิจกรรมร่วมกับเว็บไซต์ได้ แต่ต้องล็อกอินก่อน ::
  ล็อกอิน

รายการสื่อสารสนเทศ

ลำดับที่ ประเภท เลขเรียก/บาร์โค้ด สถานที่ สถานะ
1. วิทยาศาสตร์การแพทย์ และสุขภาพ
วิทยาศาสตร์การแพทย์ และสุขภาพ
สถานะ=หนังสือเก่า
QV766 ผ331 ฉ.1 
  Barcode: 002647
ห้องสมุดวิทยาเขตสวรรค์ประชารักษ์
►ส่วนจัดเก็บหนังสือเก่า สปร
บนชั้น
  ขอยืม
2. วิทยาศาสตร์การแพทย์ และสุขภาพ
วิทยาศาสตร์การแพทย์ และสุขภาพ
QV766 ผ331 ฉ.2 
  Barcode: 002665
ห้องสมุดวิทยาเขตสวรรค์ประชารักษ์
►หนังสือทั่วไป
บนชั้น

รายการใกล้เคียง
    หัวเรื่อง [พริกไทย]
    หัวเรื่อง [สมุนไพร]

BibComment


ยังไม่เคยถูกคอมเมนท์

คอมเมนท์ทรัพยากรรายการนี้
  คอมเมนท์: ประโยชน์มหัศจรรย..


 Copyright 2026. Bcnsprnw @Library